01371nam a22003137a 4500003000900000005001700009008004100026020001800067040004300085082002400128100002700152245011800179264006500297300006300362505048700425526001000912526001000922526001000932526001000942526000800952526000800960526000800968526000800976526000800984526000800992526000801000650002101008700002801029PE-LiUPU20250731173558.0230703b |||||||| |||| 00| 0 eng d a9780816321445 aPE-LiUPUbspacPE-LiUPUdPE-LiUPUerda 223a231.7652bB817b aBrand, Leornardd1941-10aBeginnings :bare science and scripture partners in the search for origins? /cLeonard Brand con David C. Jarnes. aNampa, Idaho :bPacific Press Publishing Association,c2006. a175 páginas :bIlustraciones, mapas ;c23 centímetros. aScience: Its power and its limits -- The theory of evolution in its historical context -- Faith and Science -- The beginning of life -- Microevolution and the origin of species -- It's all a matter of interpretation --Origin of life forms: historical evidence --Modern biology and the challenge to Darwinism -- Geology: processes and time -- An appprocah to Short-Age geology -- Why does it matter? -- A direction for the future -- Interventionist-inspired research -- Sociobiology aSEG42 aSEG41 aSEG40 aSEG39 aP94 aP87 aP86 aP85 aP77 aP76 aP35 0aBiblia y ciencia aJarnes, David C.eautor